000 00812nam a22002171a 4500
001 11686
003 OSt
005 20260204212251.0
008 130507s2009||||ck ||||||b||||||||||spa||
020 _a9789586486293
050 _a371.102 A99e
100 _aAlzate Piedrahita, Maria Victoria
245 _aEnseñanza y dadactica universitaria: Discurso y formacion documental del estudiante / Maria Victoria Alzate P. y Miguel Gomez Mendoza
264 _aColombia : Ediciones Ecoe
300 _a130 P
490 _a(Coleccion: educacion y pedagogia) (area: educacion)
500 _aIncluye bibliografia
650 _aDIDACTICA UNIVERSITARIA: DESAFIOS Y PRINCIPALES EJES DE ACCION 2.OFICIO DEL ESTUDIANTE UNIVERSITARIO 3.DISCURSOS UNIVERSITARIOS
700 _aGomez Mendoza, Miguel A.Ì
942 _2ddc
_cBK
999 _c11686
_d11686